000
00183 a2200097 4500
001
5937
100
_a
Lamb,H
245
_a
Dynamics
260
_a
_b
Cambridge
_c
090
_c
4845
_d
4845
942
_a
NUST-CAE
_c
M
_c
31206
999
_c
241010
_d
241010